|
|
|
|
| LEADER |
01017nam a2200253 u 4500 |
| 001 |
10075842 |
| 003 |
upatras |
| 005 |
20210519154132.0 |
| 008 |
090715s2007 lu eng |
| 020 |
|
|
|a 9279034553
|
| 040 |
|
|
|a GR-PaULI
|c GR-PaULI
|
| 041 |
0 |
|
|a eng
|
| 082 |
0 |
4 |
|a 387.709 4
|
| 110 |
|
0 |
|a European Commission
|9 8016
|
| 245 |
1 |
0 |
|a Flying together
|b EU air transport policy
|c European Commission
|
| 260 |
|
|
|a Luxembourg
|b Office for Official Publications of the European Communities
|c 2007
|
| 300 |
|
|
|a 12 p.
|b tab.
|c 30 cm.
|
| 650 |
|
4 |
|a Αεροπορικές εταιρείες
|z Ευρώπη
|9 47368
|
| 650 |
|
4 |
|a Μεταφορές
|x Μέσα συγκοινωνίας
|9 30269
|
| 852 |
|
|
|a GR-PaULI
|b ΠΑΤΡΑ
|b ΒΚΠ
|b ΚΕΤ
|h 387.709 4 EUR
|m 091381
|p 025000153362
|t 1
|
| 942 |
|
|
|2 ddc
|
| 952 |
|
|
|0 0
|1 0
|4 0
|6 387_709000000000000_4_EUR
|7 0
|9 77226
|a LISP
|b LISP
|c EDC
|d 2016-04-24
|i 091381
|l 0
|o 387.709 4 EUR
|p 025000153362
|r 2016-04-24 00:00:00
|t 1
|w 2016-04-24
|y BK15
|
| 998 |
|
|
|c ΜΠΟΥΡΑΣ
|d 2009-07
|
| 999 |
|
|
|c 51704
|d 51704
|